[Event "Festival GEMA - Cerrado MI"]
[Site "Mondariz ESP"]
[Date "2007.01.02"]
[Round "6.1"]
[White "Fernandez Garcia, Miguel Angel"]
[Black "Frois, Antonio"]
[Result "1-0"]
[WhiteElo "2304"]
[BlackElo "2345"]
[PlyCount "55"]
[EventDate "2006.12.26"]
[EventType "tourn"]
[EventRounds "9"]
[EventCountry "ESP"]
[EventCategory "3"]
[Source "lmi"]
[SourceDate "2006.12.26"]

1. d4 d5 2. c4 e6 3. Nf3 c5 4. cxd5 exd5 5. g3 Nc6 6. Bg2 Nf6 7. O-O Be7 8. Nc3
O-O 9. Bg5 cxd4 10. Nxd4 h6 11. Bf4 Qb6 12. Be3 Qxb2 13. Nxd5 Nxd5 14. Bxd5 Bh3
15. Rb1 Qa3 16. Rxb7 Nxd4 17. Qxd4 Bxf1 18. Kxf1 a5 19. Qe4 Rad8 20. Bb3 Bg5
21. Bxg5 hxg5 22. Qf3 Qc1+ 23. Kg2 Rd6 24. Bxf7+ Kh8 25. Bg6 Qc6 26. e4 Rxg6
27. Qxf8+ Kh7 28. Re7 1-0

[Event "Festival GEMA - Cerrado MI"]
[Site "Mondariz ESP"]
[Date "2007.01.02"]
[Round "6.2"]
[White "Pintor, Ariana"]
[Black "Alonso Fernandez, Marcos"]
[Result "0-1"]
[WhiteElo "2093"]
[BlackElo "2311"]
[PlyCount "86"]
[EventDate "2006.12.26"]
[EventType "tourn"]
[EventRounds "9"]
[EventCountry "ESP"]
[EventCategory "3"]
[Source "lmi"]
[SourceDate "2006.12.26"]

1. e4 c5 2. Nf3 e6 3. Nc3 a6 4. d4 cxd4 5. Nxd4 d6 6. g3 b5 7. Bg2 Bb7 8. O-O
Nf6 9. a3 Nbd7 10. Qe2 Qc7 11. Be3 Be7 12. f4 O-O 13. g4 Nb6 14. g5 Nfd7 15.
Rad1 Nc4 16. Bc1 Nxa3 17. Rf3 Nc4 18. Rh3 Rfe8 19. Rdd3 Nf8 20. Qg4 b4 21. Rxh7
Nxh7 22. Rh3 Bxg5 23. fxg5 bxc3 24. bxc3 Nf8 25. g6 Nxg6 26. Qh5 Qa5 27. Bg5 f6
28. Qh7+ Kf7 29. Bxf6 Rg8 30. Nb3 Qa2 31. Rf3 Bxe4 32. Rf2 Qb1+ 33. Rf1 Qxf1+
34. Bxf1 Kxf6 35. Qh3 Nce5 36. Qe3 Bd5 37. Qb6 Rad8 38. Bxa6 Rh8 39. Nd4 Rb8
40. Qxd6 Rb1+ 41. Bf1 Bc4 42. Nxe6 Rxf1+ 43. Kg2 Nh4+ 0-1

[Event "Festival GEMA - Cerrado MI"]
[Site "Mondariz ESP"]
[Date "2007.01.02"]
[Round "6.3"]
[White "Andres Gonzalez, Ivan"]
[Black "Sande Edreira, Jose Antonio"]
[Result "0-1"]
[WhiteElo "2367"]
[BlackElo "2293"]
[PlyCount "66"]
[EventDate "2006.12.26"]
[EventType "tourn"]
[EventRounds "9"]
[EventCountry "ESP"]
[EventCategory "3"]
[Source "lmi"]
[SourceDate "2006.12.26"]

1. e4 c5 2. Nf3 g6 3. d4 cxd4 4. Qxd4 Nf6 5. e5 Nc6 6. Qa4 Nd5 7. Qe4 Nc7 8.
Nc3 Bg7 9. Bf4 Ne6 10. Bg3 O-O 11. Bc4 Qa5 12. O-O b5 13. Bb3 b4 14. Ne2 Nc5
15. Qh4 Nxb3 16. axb3 Qc5 17. Qc4 Qxc4 18. bxc4 f6 19. exf6 Bxf6 20. Ra2 d6 21.
Nf4 Bg4 22. Nd2 Bg5 23. Nd5 Bxd2 24. Ra6 Ne5 25. Nxe7+ Kf7 26. Rxd6 Nxc4 27.
Rd4 Be2 28. Ra1 Kxe7 29. Re4+ Kf7 30. Rxe2 Rfe8 31. Kf1 a5 32. b3 Bc3 33. Rd1
Rxe2 0-1

[Event "Festival GEMA - Cerrado MI"]
[Site "Mondariz ESP"]
[Date "2007.01.02"]
[Round "6.4"]
[White "Vega Gutierrez, Belinda"]
[Black "Gavrilov, Alexei"]
[Result "0-1"]
[WhiteElo "2184"]
[BlackElo "2465"]
[PlyCount "66"]
[EventDate "2006.12.26"]
[EventType "tourn"]
[EventRounds "9"]
[EventCountry "ESP"]
[EventCategory "3"]
[Source "lmi"]
[SourceDate "2006.12.26"]

1. e4 e6 2. d4 d5 3. Nc3 Bb4 4. e5 Ne7 5. a3 Bxc3+ 6. bxc3 b6 7. a4 Ba6 8. Bb5+
Bxb5 9. axb5 Qd7 10. Qd3 c6 11. bxc6 Nbxc6 12. Ne2 Na5 13. Nf4 O-O-O 14. O-O
Nc4 15. Nh5 Rhg8 16. Bg5 Kb7 17. f4 Rdf8 18. g4 h6 19. Bh4 f5 20. exf6 gxf6 21.
Nxf6 Rxf6 22. Bxf6 Rxg4+ 23. Kh1 Nf5 24. Qe2 Rg6 25. Be5 a5 26. Rg1 Rxg1+ 27.
Rxg1 Qe8 28. Qg4 a4 29. Qh3 a3 30. Bg7 a2 31. Be5 Qa4 32. Ra1 Nce3 33. Qh5 Qxc2
0-1

[Event "Festival GEMA - Cerrado MI"]
[Site "Mondariz ESP"]
[Date "2007.01.02"]
[Round "6.5"]
[White "Vega Gutierrez, Sabrina"]
[Black "Rizouk, Aimen"]
[Result "1/2-1/2"]
[WhiteElo "2299"]
[BlackElo "2438"]
[PlyCount "22"]
[EventDate "2006.12.26"]
[EventType "tourn"]
[EventRounds "9"]
[EventCountry "ESP"]
[EventCategory "3"]
[Source "lmi"]
[SourceDate "2006.12.26"]

1. e4 e5 2. Nf3 Nc6 3. d4 exd4 4. Nxd4 Nf6 5. Nc3 Bb4 6. Nxc6 bxc6 7. Bd3 d5 8.
exd5 cxd5 9. O-O O-O 10. Bg5 c6 11. Na4 Bd6 1/2-1/2

[Event "Festival GEMA - Cerrado MI"]
[Site "Mondariz ESP"]
[Date "2007.01.03"]
[Round "7.1"]
[White "Rizouk, Aimen"]
[Black "Fernandez Garcia, Miguel Angel"]
[Result "1-0"]
[WhiteElo "2438"]
[BlackElo "2304"]
[PlyCount "89"]
[EventDate "2006.12.26"]
[EventType "tourn"]
[EventRounds "9"]
[EventCountry "ESP"]
[EventCategory "3"]
[Source "lmi"]
[SourceDate "2006.12.26"]

1. e4 c5 2. Nf3 Nc6 3. Bb5 g6 4. Bxc6 dxc6 5. d3 Bg7 6. h3 Nf6 7. Nc3 O-O 8.
Be3 b6 9. Qd2 e5 10. Bh6 Qd6 11. O-O Nh5 12. Ne2 Bxh6 13. Qxh6 Qf6 14. Nh2 Be6
15. Ng4 Bxg4 16. hxg4 Nf4 17. Rae1 Rad8 18. f3 Rfe8 19. g3 Nxe2+ 20. Rxe2 Qg7
21. Qh4 g5 22. Qh2 Re6 23. b3 Rg6 24. Qf2 Qf8 25. Qe3 Qd6 26. Rg2 Qd4 27. Qxd4
cxd4 28. f4 exf4 29. gxf4 gxf4 30. Rxf4 Re8 31. Rf5 c5 32. Kf2 h6 33. Kg3 Kg7
34. Rgf2 f6 35. Rd5 Re7 36. Rff5 Kf8 37. Rd6 Kf7 38. Kf4 Re6 39. Rd8 Re7 40. a4
a5 41. Rfd5 Rg5 42. R8d6 h5 43. Rxf6+ Kxf6 44. Rd6+ Re6 45. Rxe6+ 1-0

[Event "Festival GEMA - Cerrado MI"]
[Site "Mondariz ESP"]
[Date "2007.01.03"]
[Round "7.2"]
[White "Gavrilov, Alexei"]
[Black "Vega Gutierrez, Sabrina"]
[Result "1-0"]
[WhiteElo "2465"]
[BlackElo "2299"]
[PlyCount "37"]
[EventDate "2006.12.26"]
[EventType "tourn"]
[EventRounds "9"]
[EventCountry "ESP"]
[EventCategory "3"]
[Source "lmi"]
[SourceDate "2006.12.26"]

1. e4 c5 2. c3 d5 3. exd5 Qxd5 4. d4 e6 5. Nf3 Nf6 6. Na3 Bd7 7. Nb5 Na6 8. Ne5
Qe4+ 9. Be3 cxd4 10. Qxd4 Qxd4 11. Bxd4 b6 12. O-O-O Bc8 13. Nxa7 Rxa7 14. Bxb6
Rd7 15. Bb5 Nb8 16. Ba7 Ba6 17. Ba4 Bd6 18. Rxd6 Ke7 19. Bxb8 1-0

[Event "Festival GEMA - Cerrado MI"]
[Site "Mondariz ESP"]
[Date "2007.01.03"]
[Round "7.3"]
[White "Sande Edreira, Jose Antonio"]
[Black "Vega Gutierrez, Belinda"]
[Result "1-0"]
[WhiteElo "2293"]
[BlackElo "2184"]
[PlyCount "129"]
[EventDate "2006.12.26"]
[EventType "tourn"]
[EventRounds "9"]
[EventCountry "ESP"]
[EventCategory "3"]
[Source "lmi"]
[SourceDate "2006.12.26"]

1. e4 e5 2. Nf3 Nc6 3. Bb5 a6 4. Ba4 Nf6 5. O-O Be7 6. Qe2 b5 7. Bb3 d6 8. c3
O-O 9. Rd1 Na5 10. Bc2 c5 11. d4 Qc7 12. d5 h6 13. b3 c4 14. b4 Nb7 15. a4 Bd7
16. a5 Nh7 17. Nbd2 f5 18. exf5 Bxf5 19. Be4 Ng5 20. Nxg5 Bxg5 21. f3 Nd8 22.
Bxf5 Rxf5 23. Ne4 Bxc1 24. Raxc1 Rf8 25. Rf1 Nf7 26. Rf2 Nh8 27. Qe3 Ng6 28.
Qb6 Qxb6 29. axb6 Rab8 30. b7 Rxb7 31. Nxd6 Rd7 32. Ne4 Rxd5 33. Ra2 Nf4 34.
Kf1 Rfd8 35. Rxa6 Rd1+ 36. Rxd1 Rxd1+ 37. Kf2 Rc1 38. Rd6 Nd3+ 39. Kg3 Rc2 40.
h4 Nf4 41. Kg4 Rxg2+ 42. Kf5 Nd3 43. Rd8+ Kh7 44. Rd7 Kg8 45. Rb7 Ne1 46. Rxb5
Nxf3 47. Rb8+ Kh7 48. h5 Ng5 49. Nc5 Rd2 50. b5 e4 51. Nxe4 Rd5+ 52. Kf4 Nxe4
53. Kxe4 Rd3 54. b6 Rxc3 55. Kd4 Rc1 56. Rc8 Rb1 57. Rc6 c3 58. Kd3 Rb5 59.
Kxc3 Rxh5 60. Kb4 Rh1 61. Rc3 Rb1+ 62. Rb3 Re1 63. Kc5 Re8 64. Kd6 h5 65. b7
1-0

[Event "Festival GEMA - Cerrado MI"]
[Site "Mondariz ESP"]
[Date "2007.01.03"]
[Round "7.4"]
[White "Alonso Fernandez, Marcos"]
[Black "Andres Gonzalez, Ivan"]
[Result "1/2-1/2"]
[WhiteElo "2311"]
[BlackElo "2367"]
[PlyCount "120"]
[EventDate "2006.12.26"]
[EventType "tourn"]
[EventRounds "9"]
[EventCountry "ESP"]
[EventCategory "3"]
[Source "lmi"]
[SourceDate "2006.12.26"]

1. d4 d5 2. c4 c6 3. Nc3 Nf6 4. e3 e6 5. Nf3 Nbd7 6. Qc2 Bd6 7. g4 h6 8. Rg1
dxc4 9. Bxc4 b5 10. Bxe6 fxe6 11. g5 hxg5 12. Qg6+ Kf8 13. Nxg5 Qe8 14. Nxe6+
Qxe6 15. Qxg7+ Ke8 16. Qxh8+ Nf8 17. Bd2 b4 18. Ne2 Ne4 19. Qh5+ Kd8 20. Qa5+
Bc7 21. Qxb4 Qf6 22. O-O-O Rb8 23. Qa3 Bd6 24. Ba5+ Kd7 25. Qa4 Ba6 26. Bd8
Qxf2 27. Qxa6 Qxe3+ 28. Kc2 Rb5 29. Rg2 Nf2 30. Nc3 Nxd1 31. Nxb5 Qe4+ 32. Kxd1
Qxg2 33. Nxd6 Qh1+ 34. Kd2 Qxh2+ 35. Kc3 Qg3+ 36. Kc4 Qxd6 37. Ba5 Qe6+ 38. Kc3
Qe3+ 39. Qd3 Qe1+ 40. Qd2 Qxd2+ 41. Kxd2 Ke6 42. Kc3 Kd5 43. Bd8 Ne6 44. Bf6 c5
45. dxc5 Nxc5 46. Kb4 Kc6 47. Kc4 Na4 48. b3 Nb6+ 49. Kd4 Nd5 50. Bh4 Nb4 51.
a4 Nd5 52. Kc4 Nb6+ 53. Kb4 Nd5+ 54. Ka5 Kb7 55. Bg3 Nc3 56. Kb4 Nd5+ 57. Kc5
Nc3 58. Kb4 Nd5+ 59. Kc4 Nb6+ 60. Kc5 Nxa4+ 1/2-1/2

[Event "Festival GEMA - Cerrado MI"]
[Site "Mondariz ESP"]
[Date "2007.01.04"]
[Round "8.1"]
[White "Fernandez Garcia, Miguel Angel"]
[Black "Pintor, Ariana"]
[Result "1-0"]
[WhiteElo "2304"]
[BlackElo "2093"]
[PlyCount "73"]
[EventDate "2006.12.26"]
[EventType "tourn"]
[EventRounds "9"]
[EventCountry "ESP"]
[EventCategory "3"]
[Source "lmi"]
[SourceDate "2006.12.26"]

1. d4 Nf6 2. c4 g6 3. Nc3 Bg7 4. e4 d6 5. Bd3 O-O 6. Nge2 Nbd7 7. Bc2 e5 8. d5
a5 9. O-O Nc5 10. Rb1 Nfd7 11. a3 Nb6 12. b4 axb4 13. axb4 Na6 14. Bd3 f5 15.
Ba3 Qh4 16. c5 Nd7 17. c6 Nf6 18. f3 bxc6 19. dxc6 Be6 20. Bc1 f4 21. Nd5 Rf7
22. Nxf6+ Qxf6 23. Ra1 Qd8 24. Rxa6 Rxa6 25. Bxa6 Qb8 26. Qa4 Qa7+ 27. Rf2 Bf6
28. Bb5 Qb6 29. Qa6 Qxa6 30. Bxa6 d5 31. Nc3 d4 32. Nd5 Bxd5 33. exd5 Be7 34.
Bc4 Bd6 35. Ra2 Rf8 36. b5 Rb8 37. Kf1 1-0

[Event "Festival GEMA - Cerrado MI"]
[Site "Mondariz ESP"]
[Date "2007.01.04"]
[Round "8.2"]
[White "Andres Gonzalez, Ivan"]
[Black "Frois, Antonio"]
[Result "1/2-1/2"]
[WhiteElo "2367"]
[BlackElo "2345"]
[PlyCount "31"]
[EventDate "2006.12.26"]
[EventType "tourn"]
[EventRounds "9"]
[EventCountry "ESP"]
[EventCategory "3"]
[Source "lmi"]
[SourceDate "2006.12.26"]

1. e4 c5 2. Nf3 Nc6 3. Bb5 g6 4. O-O Bg7 5. Re1 Nf6 6. e5 Nd5 7. Nc3 Nc7 8.
Bxc6 dxc6 9. d3 Bg4 10. h3 Bxf3 11. Qxf3 Ne6 12. Bf4 Nxf4 13. Qxf4 O-O 14. Re2
Qc7 15. Rae1 Rad8 16. Qg3 1/2-1/2

[Event "Festival GEMA - Cerrado MI"]
[Site "Mondariz ESP"]
[Date "2007.01.04"]
[Round "8.3"]
[White "Vega Gutierrez, Belinda"]
[Black "Alonso Fernandez, Marcos"]
[Result "0-1"]
[WhiteElo "2184"]
[BlackElo "2311"]
[PlyCount "58"]
[EventDate "2006.12.26"]
[EventType "tourn"]
[EventRounds "9"]
[EventCountry "ESP"]
[EventCategory "3"]
[Source "lmi"]
[SourceDate "2006.12.26"]

1. e4 c5 2. Nf3 e6 3. d4 cxd4 4. Nxd4 Nc6 5. Nc3 a6 6. Be2 Qc7 7. O-O Nf6 8.
Be3 Bb4 9. f3 Ne5 10. Qe1 Nc4 11. Bxc4 Qxc4 12. Nde2 b5 13. Qg3 O-O 14. e5 Ne8
15. Rad1 Be7 16. Nf4 f6 17. Nd3 Bb7 18. exf6 Nxf6 19. Rd2 d6 20. Ne2 e5 21. b3
Qe6 22. Nb2 Nh5 23. Qf2 Qg6 24. Kh1 Rf7 25. c4 Raf8 26. Ng1 e4 27. Qe2 Bh4 28.
Rfd1 Bg3 29. cxb5 Bxh2 0-1

[Event "Festival GEMA - Cerrado MI"]
[Site "Mondariz ESP"]
[Date "2007.01.04"]
[Round "8.4"]
[White "Vega Gutierrez, Sabrina"]
[Black "Sande Edreira, Jose Antonio"]
[Result "1-0"]
[WhiteElo "2299"]
[BlackElo "2293"]
[PlyCount "85"]
[EventDate "2006.12.26"]
[EventType "tourn"]
[EventRounds "9"]
[EventCountry "ESP"]
[EventCategory "3"]
[Source "lmi"]
[SourceDate "2006.12.26"]

1. e4 c5 2. Nf3 g6 3. d4 Bg7 4. Nc3 cxd4 5. Nxd4 Nc6 6. Be3 Nf6 7. Bc4 Qa5 8.
O-O O-O 9. Bb3 d6 10. h3 Bd7 11. Qe1 Rae8 12. Rd1 a6 13. f4 Nxd4 14. Bxd4 e5
15. fxe5 dxe5 16. Be3 Bc6 17. Qh4 Nd7 18. Rxf7 Rxf7 19. Rf1 Nf6 20. Bg5 Ref8
21. Bxf6 Qb6+ 22. Kh2 Bxf6 23. Bxf7+ Rxf7 24. Rxf6 Rxf6 25. Qxf6 Qxb2 26. Qxe5
Qxc2 27. Nd5 Bxd5 28. Qxd5+ Kf8 29. Qd6+ Kf7 30. Qd7+ Kf6 31. Qxb7 Qxa2 32.
Qxh7 Qa5 33. Qh8+ Ke6 34. Qe8+ Kf6 35. Qc6+ Kg5 36. Qd6 Qa4 37. Qe5+ Kh6 38.
Qh8+ Kg5 39. Qe5+ Kh6 40. h4 Kh7 41. Qe7+ Kh6 42. Qf6 Qb5 43. Qh8# 1-0

[Event "Festival GEMA - Cerrado MI"]
[Site "Mondariz ESP"]
[Date "2007.01.04"]
[Round "8.5"]
[White "Rizouk, Aimen"]
[Black "Gavrilov, Alexei"]
[Result "1/2-1/2"]
[WhiteElo "2438"]
[BlackElo "2465"]
[PlyCount "21"]
[EventDate "2006.12.26"]
[EventType "tourn"]
[EventRounds "9"]
[EventCountry "ESP"]
[EventCategory "3"]
[Source "lmi"]
[SourceDate "2006.12.26"]

1. d4 d5 2. c4 e6 3. Nc3 Be7 4. Nf3 Nf6 5. Bg5 h6 6. Bxf6 Bxf6 7. e3 O-O 8.
cxd5 exd5 9. Be2 Be7 10. O-O c6 11. Ne5 1/2-1/2

[Event "Festival GEMA - Cerrado MI"]
[Site "Mondariz ESP"]
[Date "2007.01.05"]
[Round "9.1"]
[White "Gavrilov, Alexei"]
[Black "Fernandez Garcia, Miguel Angel"]
[Result "1-0"]
[WhiteElo "2465"]
[BlackElo "2304"]
[PlyCount "103"]
[EventDate "2006.12.26"]
[EventType "tourn"]
[EventRounds "9"]
[EventCountry "ESP"]
[EventCategory "3"]
[Source "lmi"]
[SourceDate "2006.12.26"]

1. e4 c5 2. c3 d5 3. exd5 Qxd5 4. d4 g6 5. Na3 Bg7 6. Nb5 Na6 7. dxc5 Nf6 8.
Be3 Bg4 9. Nf3 O-O 10. Be2 Rfd8 11. b4 Qh5 12. Qc1 Nd5 13. O-O Naxb4 14. cxb4
Bxa1 15. Qxa1 Nxe3 16. fxe3 a5 17. Bc4 Rf8 18. Nc7 Rad8 19. e4 e6 20. Qf6 Rd7
21. Nb5 Bxf3 22. Qxf3 Qxf3 23. Rxf3 axb4 24. Nd6 Kg7 25. Rb3 Rc7 26. Rxb4 Rxc5
27. Rxb7 Kf6 28. Bb3 Rc6 29. Nc4 Rfc8 30. e5+ Kg5 31. Nd6 R8c7 32. Nxf7+ Kf4
33. g3+ Ke3 34. Rxc7 Rxc7 35. Ng5 Rc1+ 36. Kg2 Kd4 37. Nxh7 Kxe5 38. Ng5 Kf6
39. Nxe6 Rb1 40. h4 Rb2+ 41. Kf3 Rd2 42. Kf4 Rf2+ 43. Kg4 Rd2 44. Nf4 Rf2 45.
a4 Rb2 46. Bc4 Rc2 47. Bb5 Rc5 48. Bd3 Ra5 49. Bb5 Ra8 50. Nd5+ Ke5 51. Nb6 Ra7
52. Kg5 1-0

[Event "Festival GEMA - Cerrado MI"]
[Site "Mondariz ESP"]
[Date "2007.01.05"]
[Round "9.2"]
[White "Sande Edreira, Jose Antonio"]
[Black "Rizouk, Aimen"]
[Result "1/2-1/2"]
[WhiteElo "2293"]
[BlackElo "2438"]
[PlyCount "20"]
[EventDate "2006.12.26"]
[EventType "tourn"]
[EventRounds "9"]
[EventCountry "ESP"]
[EventCategory "3"]
[Source "lmi"]
[SourceDate "2006.12.26"]

1. c4 e5 2. g3 Nf6 3. Bg2 Nc6 4. Nc3 Bb4 5. Nd5 Bc5 6. d3 Nxd5 7. cxd5 Qf6 8.
Nf3 Nd4 9. O-O Nxf3+ 10. Bxf3 d6 1/2-1/2

[Event "Festival GEMA - Cerrado MI"]
[Site "Mondariz ESP"]
[Date "2007.01.05"]
[Round "9.3"]
[White "Alonso Fernandez, Marcos"]
[Black "Vega Gutierrez, Sabrina"]
[Result "1-0"]
[WhiteElo "2311"]
[BlackElo "2299"]
[PlyCount "61"]
[EventDate "2006.12.26"]
[EventType "tourn"]
[EventRounds "9"]
[EventCountry "ESP"]
[EventCategory "3"]
[Source "lmi"]
[SourceDate "2006.12.26"]

1. d4 d5 2. c4 e6 3. Nc3 c6 4. e3 Nf6 5. Nf3 Nbd7 6. Qc2 Bd6 7. b3 O-O 8. Be2
dxc4 9. bxc4 e5 10. O-O Re8 11. Rd1 Qe7 12. Rb1 exd4 13. exd4 Nf8 14. c5 Bc7
15. Bg5 Bg4 16. h3 Bh5 17. Bxf6 Qxf6 18. Rxb7 Ba5 19. Ne5 Bg6 20. Bd3 Rxe5 21.
dxe5 Qxe5 22. Bxg6 hxg6 23. Ne4 Ne6 24. Qc4 Bc7 25. Nd6 Rf8 26. Rxa7 Bb8 27.
Rb7 Nxc5 28. Rxf7 Rxf7 29. Nxf7 Qe6 30. Qxe6 Nxe6 31. Nd8 1-0

[Event "Festival GEMA - Cerrado MI"]
[Site "Mondariz ESP"]
[Date "2007.01.05"]
[Round "9.4"]
[White "Frois, Antonio"]
[Black "Vega Gutierrez, Belinda"]
[Result "1-0"]
[WhiteElo "2345"]
[BlackElo "2184"]
[PlyCount "125"]
[EventDate "2006.12.26"]
[EventType "tourn"]
[EventRounds "9"]
[EventCountry "ESP"]
[EventCategory "3"]
[Source "lmi"]
[SourceDate "2006.12.26"]

1. Nf3 d5 2. g3 c5 3. Bg2 Nc6 4. O-O e5 5. d3 Bd6 6. e4 d4 7. c3 Nge7 8. a3 O-O
9. cxd4 cxd4 10. Nbd2 Bc7 11. b4 a6 12. Nb3 b6 13. Nbd2 Bg4 14. h3 Bd7 15. Bb2
f6 16. Nh4 Be6 17. Nf5 Qd7 18. Rc1 Rac8 19. Qa4 a5 20. Rxc6 Nxc6 21. Qxc6 Qxc6
22. Ne7+ Kf7 23. Nxc6 axb4 24. Nxb4 Bd6 25. Nd5 b5 26. Rb1 Rc2 27. Nb3 Ra8 28.
Bxd4 exd4 29. Nxd4 Rd2 30. Nxe6 Kxe6 31. e5 fxe5 32. Nc7+ Bxc7 33. Bxa8 Rxd3
34. Be4 Rxa3 35. Bxh7 Bb6 36. Rxb5 Bd4 37. Kg2 Kf6 38. Rb8 Ke7 39. Rb7+ Kf6 40.
Bg8 Rc3 41. Bd5 Rc5 42. Rf7+ Kg6 43. Rd7 Rb5 44. Be4+ Kf6 45. Rd6+ Ke7 46. Rg6
Rb2 47. h4 Rxf2+ 48. Kh3 Kf7 49. Rc6 Rb2 50. Kg4 Rb6 51. Rc7+ Kf8 52. h5 Rd6
53. Bg6 Rd8 54. Kf5 Ra8 55. g4 Kg8 56. Bf7+ Kh8 57. g5 Be3 58. Bd5 Rd8 59. Be6
Re8 60. Bd5 Rd8 61. Bc4 Rb8 62. h6 gxh6 63. g6 1-0

[Event "Festival GEMA - Cerrado MI"]
[Site "Mondariz ESP"]
[Date "2007.01.05"]
[Round "9.5"]
[White "Pintor, Ariana"]
[Black "Andres Gonzalez, Ivan"]
[Result "0-1"]
[WhiteElo "2093"]
[BlackElo "2367"]
[PlyCount "88"]
[EventDate "2006.12.26"]
[EventType "tourn"]
[EventRounds "9"]
[EventCountry "ESP"]
[EventCategory "3"]
[Source "lmi"]
[SourceDate "2006.12.26"]

1. e4 g6 2. d4 Bg7 3. Ne2 c6 4. g3 d5 5. e5 h5 6. h4 c5 7. c3 Nc6 8. Bg2 e6 9.
O-O Nge7 10. Bg5 Qb6 11. Qd2 Nf5 12. Rd1 Bd7 13. Na3 cxd4 14. cxd4 Bf8 15. Nc2
Rc8 16. Ne3 Na5 17. Rac1 Rb8 18. Nf4 Bb4 19. Qc2 Nxe3 20. fxe3 Nc4 21. Nxg6 Rg8
22. Nf4 Bf8 23. Nxh5 Rxg5 24. hxg5 Nxe3 25. Nf6+ Kd8 26. Qh7 Qxb2 27. Bf3 Nxd1
28. Rxd1 Qa3 29. Qxf7 Be7 30. Bg2 Qe3+ 31. Kh2 Qxg5 32. Bh3 Rc8 33. Nxd7 Rc2+
34. Bg2 Kxd7 35. a4 Qh6+ 36. Kg1 Qe3+ 37. Kh2 Rxg2+ 38. Kxg2 Qe2+ 39. Qf2 Qxd1
40. Qb2 Qxa4 41. Qxb7+ Ke8 42. Qc8+ Kf7 43. Qh8 Qc2+ 44. Kh3 Qf5+ 0-1